[Event "146 Stay Safe Play From Home series"]
[Site "T#646011Emanuel Laske"]
[Date "2020.05.13"]
[Round "7"]
[White "Lazieri3"]
[Black "Weltszmerc"]
[Result "1-0"]
[WhiteElo "2021"]
[BlackElo "2107"]
[Annotator "RC"]
[PlyCount "97"]
[EventDate "2020.05.13"]
[EventType "swiss (blitz)"]

1. e4 {[%emt 0:00:01]} Nf6 {[%emt 0:00:00]} 2. Nc3 {[%emt 0:00:00]} d5 {[%emt 0:00:01]} 3. exd5 {[%emt 0:00:01]} Nxd5 {[%emt 0:00:01]} 4. Nxd5 {[%emt 0:00:00]} Qxd5 {[%emt 0:00:01]} 5. Qf3 {[%emt 0:00:00]} c6 {[%emt 0:00:01]} 6. Qxd5 {[%emt 0:00:01]} cxd5 {[%emt 0:00:01]} 7. d4 {[%emt 0:00:00]} Bg4 {[%emt 0:00:02]} 8. Be2 {[%emt 0:00:01]} Bf5 {[%emt 0:00:01]} 9. c3 {[%emt 0:00:01]} Be4 {[%emt 0:00:01]} 10. Bf3 {[%emt 0:00:01]} f5 {[%emt 0:00:01]} 11. Bxe4 {[%emt 0:00:01]} fxe4 {[%emt 0:00:00]} 12. f3 {[%emt 0:00:01]} e6 {[%emt 0:00:02]} 13. fxe4 {[%emt 0:00:01]} dxe4 {[%emt 0:00:00]} 14. Bf4 {[%emt 0:00:02]} Be7 {[%emt 0:00:01]} 15. Ne2 {[%emt 0:00:01]} O-O {[%emt 0:00:01]} 16. O-O {[%emt 0:00:02]} Nd7 {[%emt 0:00:01]} 17. Ng3 {[%emt 0:00:02]} Nf6 {[%emt 0:00:03]} 18. Bg5 {[%emt 0:00:01]} e3 {[%emt 0:00:01]} 19. Rae1 {[%emt 0:00:04]} h6 {[%emt 0:00:02]} 20. Bxf6 {[%emt 0:00:01]} Rxf6 {[%emt 0:00:02]} 21. Rxe3 {[%emt 0:00:02]} Rxf1+ {[%emt 0:00:02]} 22. Kxf1 {[%emt 0:00:01]} Kf7 {[%emt 0:00:00]} 23. Ke2 {[%emt 0:00:04]} b5 {[%emt 0:00:02]} 24. a3 {[%emt 0:00:01]} Rc8 {[%emt 0:00:01]} 25. Rf3+ {[%emt 0:00:01]} Ke8 {[%emt 0:00:01]} 26. Ne4 {[%emt 0:00:01]} a5 {[%emt 0:00:01]} 27. Re3 {[%emt 0:00:02]} b4 {[%emt 0:00:02]} 28. axb4 {[%emt 0:00:01]} axb4 {[%emt 0:00:00]} 29. Kd3 {[%emt 0:00:00]} Rc6 {[%emt 0:00:02]} 30. Nd2 {[%emt 0:00:02]} Ra6 {[%emt 0:00:03]} 31. Nc4 {[%emt 0:00:02]} Bg5 {[%emt 0:00:01]} 32. Re2 {[%emt 0:00:01]} bxc3 {[%emt 0:00:01]} 33. bxc3 {[%emt 0:00:01]} Kd7 {[%emt 0:00:04]} 34. Ne5+ {[%emt 0:00:02]} Ke7 {[%emt 0:00:01]} 35. c4 {[%emt 0:00:03]} Bf6 {[%emt 0:00:01]} 36. c5 {[%emt 0:00:03]} Ra3+ {[%emt 0:00:02]} 37. Ke4 {[%emt 0:00:02]} Bxe5 {[%emt 0:00:02]} 38. Kxe5 {[%emt 0:00:01]} Ra1 {[%emt 0:00:04]} 39. d5 {[%emt 0:00:02]} exd5 {[%emt 0:00:01]} 40. Kxd5+ {[%emt 0:00:00]} Kd7 {[%emt 0:00:00]} 41. c6+ {[%emt 0:00:00]} Kc7 {[%emt 0:00:00]} 42. Re7+ {[%emt 0:00:01]} Kb6 {[%emt 0:00:00]} 43. Rxg7 {[%emt 0:00:00]} Rd1+ {[%emt 0:00:01]} 44. Ke4 {[%emt 0:00:01]} Re1+ {[%emt 0:00:01]} 45. Kf3 {[%emt 0:00:01]} Kxc6 {[%emt 0:00:00]} 46. Rg6+ {[%emt 0:00:01]} Kd5 {[%emt 0:00:00]} 47. Rxh6 {[%emt 0:00:00]} Ke5 {[%emt 0:00:00]} 48. Kf2 {[%emt 0:00:01]} Rd1 {[%emt 0:00:01]} 49. Rh3 {[%emt 0:00:01] Czas partii (Lag: Av=0.82s, max=1.2s)} 1-0

[Event "146 Stay Safe Play From Home series"]
[Site "T#646011Emanuel Laske"]
[Date "2020.05.13"]
[Round "7"]
[White "Fischer_11"]
[Black "UHU4"]
[Result "1-0"]
[WhiteElo "1952"]
[BlackElo "1541"]
[PlyCount "45"]
[EventDate "2020.05.13"]
[EventType "swiss (blitz)"]

1. e4 {[%emt 0:00:01]} e5 {[%emt 0:00:04]} 2. Nc3 {[%emt 0:00:01]} Nf6 {[%emt 0:00:01]} 3. Bc4 {[%emt 0:00:00]} Bc5 {[%emt 0:00:02]} 4. d3 {[%emt 0:00:01]} O-O {[%emt 0:00:01]} 5. f4 {[%emt 0:00:00]} d6 {[%emt 0:00:01]} 6. Nf3 {[%emt 0:00:00]} Nc6 {[%emt 0:00:01]} 7. Na4 {[%emt 0:00:02]} b6 {[%emt 0:00:07]} 8. Nxc5 {[%emt 0:00:01]} bxc5 {[%emt 0:00:01]} 9. O-O {[%emt 0:00:00]} Rb8 {[%emt 0:00:02]} 10. a3 {[%emt 0:00:02]} Bg4 {[%emt 0:00:01]} 11. h3 {[%emt 0:00:01]} Bxf3 {[%emt 0:00:01]} 12. Qxf3 {[%emt 0:00:00]} Nd4 {[%emt 0:00:01]} 13. Qf2 {[%emt 0:00:00]} exf4 {[%emt 0:00:05]} 14. Bxf4 {[%emt 0:00:01]} Nd7 {[%emt 0:00:04]} 15. Be3 {[%emt 0:00:03]} Nc6 {[%emt 0:00:06]} 16. Bxf7+ {[%emt 0:00:02]} Kh8 {[%emt 0:00:02]} 17. Qg3 {[%emt 0:00:01]} Nf6 {[%emt 0:00:04]} 18. Bb3 {[%emt 0:00:06]} Ne5 {[%emt 0:00:02]} 19. Bg5 {[%emt 0:00:02]} Nh5 {[%emt 0:00:08]} 20. Qh4 {[%emt 0:00:09]} Rxf1+ {[%emt 0:00:03]} 21. Rxf1 {[%emt 0:00:02]} Qe8 {[%emt 0:00:01]} 22. Bf4 {[%emt 0:00:03]} Nxf4 {[%emt 0:00:02]} 23. Qxf4 {[%emt 0:00:00] Tiempo (Lag: Av=0.56s, max=1.2s)} 1-0

[Event "146 Stay Safe Play From Home series"]
[Site "T#646011Emanuel Laske"]
[Date "2020.05.13"]
[Round "7"]
[White "SecantFX"]
[Black "Haxhi Baha"]
[Result "0-1"]
[WhiteElo "1876"]
[BlackElo "1975"]
[PlyCount "126"]
[EventDate "2020.05.13"]
[EventType "swiss (blitz)"]

1. g3 {[%emt 0:00:00]} e6 {[%emt 0:00:01]} 2. Bg2 {[%emt 0:00:00]} d5 {[%emt 0:00:00]} 3. f4 {[%emt 0:00:00]} h5 {[%emt 0:00:00]} 4. Nf3 {[%emt 0:00:00]} h4 {[%emt 0:00:01]} 5. Nxh4 {[%emt 0:00:00]} Rxh4 {[%emt 0:00:01]} 6. gxh4 {[%emt 0:00:00]} Qxh4+ {[%emt 0:00:01]} 7. Kf1 {[%emt 0:00:00]} Qxf4+ {[%emt 0:00:01]} 8. Bf3 {[%emt 0:00:02]} e5 {[%emt 0:00:02]} 9. d4 {[%emt 0:00:00]} Qh4 {[%emt 0:00:01]} 10. dxe5 {[%emt 0:00:01]} Nc6 {[%emt 0:00:01]} 11. Qe1 {[%emt 0:00:01]} Bh3+ {[%emt 0:00:01]} 12. Bg2 {[%emt 0:00:04]} Bxg2+ {[%emt 0:00:01]} 13. Kxg2 {[%emt 0:00:00]} Qg4+ {[%emt 0:00:02]} 14. Qg3 {[%emt 0:00:01]} Qxe2+ {[%emt 0:00:01]} 15. Qf2 {[%emt 0:00:01]} Qe4+ {[%emt 0:00:01]} 16. Qf3 {[%emt 0:00:02]} Nxe5 {[%emt 0:00:02]} 17. Qxe4 {[%emt 0:00:01]} dxe4 {[%emt 0:00:00]} 18. Re1 {[%emt 0:00:00]} f5 {[%emt 0:00:01]} 19. Nc3 {[%emt 0:00:01]} Nf6 {[%emt 0:00:01]} 20. Bf4 {[%emt 0:00:04]} Bd6 {[%emt 0:00:02]} 21. Bxe5 {[%emt 0:00:02]} Bxe5 {[%emt 0:00:01]} 22. Rad1 {[%emt 0:00:00]} c6 {[%emt 0:00:03]} 23. Na4 {[%emt 0:00:01]} b6 {[%emt 0:00:01]} 24. b3 {[%emt 0:00:01]} Ke7 {[%emt 0:00:01]} 25. c4 {[%emt 0:00:01]} Ke6 {[%emt 0:00:01]} 26. Kf2 {[%emt 0:00:02]} g5 {[%emt 0:00:01]} 27. b4 {[%emt 0:00:02]} Bxh2 {[%emt 0:00:01]} 28. c5 {[%emt 0:00:01]} b5 {[%emt 0:00:01]} 29. Nc3 {[%emt 0:00:01]} Be5 {[%emt 0:00:02]} 30. Ne2 {[%emt 0:00:01]} f4 {[%emt 0:00:01]} 31. Nd4+ {[%emt 0:00:01]} Bxd4+ {[%emt 0:00:02]} 32. Rxd4 {[%emt 0:00:00]} Ke5 {[%emt 0:00:00]} 33. Rd6 {[%emt 0:00:01]} g4 {[%emt 0:00:02]} 34. Rxc6 {[%emt 0:00:01]} e3+ {[%emt 0:00:01]} 35. Kg2 {[%emt 0:00:01]} Ne4 {[%emt 0:00:01]} 36. Rc7 {[%emt 0:00:06]} f3+ {[%emt 0:00:01]} 37. Kf1 {[%emt 0:00:02]} e2+ {[%emt 0:00:01]} 38. Rxe2 {[%emt 0:00:01]} fxe2+ {[%emt 0:00:00]} 39. Kxe2 {[%emt 0:00:00]} Rg8 {[%emt 0:00:02]} 40. Ke3 {[%emt 0:00:01]} g3 {[%emt 0:00:00]} 41. Re7+ {[%emt 0:00:01]} Kd5 {[%emt 0:00:00]} 42. Rxe4 {[%emt 0:00:00]} g2 {[%emt 0:00:00]} 43. Rd4+ {[%emt 0:00:00]} Kc6 {[%emt 0:00:02]} 44. Rd6+ {[%emt 0:00:01]} Kc7 {[%emt 0:00:00]} 45. Re6 {[%emt 0:00:02]} g1=Q+ {[%emt 0:00:00]} 46. Ke4 {[%emt 0:00:01]} Qe1+ {[%emt 0:00:01]} 47. Kd5 {[%emt 0:00:01]} Rd8+ {[%emt 0:00:01]} 48. Rd6 {[%emt 0:00:00]} Rxd6+ {[%emt 0:00:01]} 49. cxd6+ {[%emt 0:00:00]} Kd7 {[%emt 0:00:00]} 50. Kc5 {[%emt 0:00:00]} Qd2 {[%emt 0:00:00]} 51. Kxb5 {[%emt 0:00:00]} Qxd6 {[%emt 0:00:01]} 52. Ka4 {[%emt 0:00:01]} Qb6 {[%emt 0:00:00]} 53. a3 {[%emt 0:00:00]} Kd6 {[%emt 0:00:00]} 54. Kb3 {[%emt 0:00:01]} Kd5 {[%emt 0:00:00]} 55. Kc3 {[%emt 0:00:01]} a6 {[%emt 0:00:00]} 56. Kb3 {[%emt 0:00:01]} Qb5 {[%emt 0:00:00]} 57. a4 {[%emt 0:00:01]} Qd3+ {[%emt 0:00:00]} 58. Kb2 {[%emt 0:00:01]} Kc4 {[%emt 0:00:00]} 59. b5 {[%emt 0:00:01]} axb5 {[%emt 0:00:00]} 60. a5 {[%emt 0:00:01]} Kb4 {[%emt 0:00:00]} 61. Ka2 {[%emt 0:00:01]} Qd2+ {[%emt 0:00:00]} 62. Kb1 {[%emt 0:00:01]} Kb3 {[%emt 0:00:00]} 63. a6 {[%emt 0:00:00]} Qd1# {[%emt 0:00:00] (Lag: Av=1.09s, max=2.5s)} 0-1

[Event "146 Stay Safe Play From Home series"]
[Site "T#646011Emanuel Laske"]
[Date "2020.05.13"]
[Round "7"]
[White "Chase the sun"]
[Black "Pokerpapi"]
[Result "1-0"]
[WhiteElo "1825"]
[BlackElo "1493"]
[Annotator "NA"]
[PlyCount "59"]
[EventDate "2020.05.13"]
[EventType "swiss (blitz)"]

1. e4 {[%emt 0:00:01]} e5 {[%emt 0:00:01]} 2. Nc3 {[%emt 0:00:02]} d6 {[%emt 0:00:00]} 3. Bc4 {[%emt 0:00:01]} h6 {[%emt 0:00:02]} 4. d3 {[%emt 0:00:00]} Nc6 {[%emt 0:00:01]} 5. f4 {[%emt 0:00:00]} a6 {[%emt 0:00:01]} 6. Nf3 {[%emt 0:00:00]} Bg4 {[%emt 0:00:02]} 7. h3 {[%emt 0:00:01]} Bh5 {[%emt 0:00:02]} 8. g4 {[%emt 0:00:01]} Bg6 {[%emt 0:00:01]} 9. f5 {[%emt 0:00:01]} Bh7 {[%emt 0:00:02]} 10. Be3 {[%emt 0:00:02]} Nf6 {[%emt 0:00:01]} 11. Qd2 {[%emt 0:00:01]} Be7 {[%emt 0:00:01]} 12. O-O-O {[%emt 0:00:02]} b5 {[%emt 0:00:02]} 13. Bd5 {[%emt 0:00:02]} Rb8 {[%emt 0:00:03]} 14. Bxc6+ {[%emt 0:00:01]} Kf8 {[%emt 0:00:03]} 15. Nd5 {[%emt 0:00:02]} Nxd5 {[%emt 0:00:02]} 16. exd5 {[%emt 0:00:02]} Bf6 {[%emt 0:00:01]} 17. d4 {[%emt 0:00:01]} Rb6 {[%emt 0:00:00]} 18. dxe5 {[%emt 0:00:02]} Bxe5 {[%emt 0:00:01]} 19. Nxe5 {[%emt 0:00:01]} dxe5 {[%emt 0:00:02]} 20. Bxb6 {[%emt 0:00:01]} cxb6 {[%emt 0:00:01]} 21. d6 {[%emt 0:00:01]} Kg8 {[%emt 0:00:06]} 22. d7 {[%emt 0:00:01]} g6 {[%emt 0:00:01]} 23. fxg6 {[%emt 0:00:02]} Bxg6 {[%emt 0:00:03]} 24. Qe3 {[%emt 0:00:02]} Kh7 {[%emt 0:00:05]} 25. Be4 {[%emt 0:00:01]} Rg8 {[%emt 0:00:06]} 26. Bxg6+ {[%emt 0:00:01]} Rxg6 {[%emt 0:00:00]} 27. Qxe5 {[%emt 0:00:01]} Re6 {[%emt 0:00:02]} 28. Qf5+ {[%emt 0:00:01]} Rg6 {[%emt 0:00:03]} 29. Rhf1 {[%emt 0:00:00]} Qf8 {[%emt 0:00:03]} 30. Qxf7+ {[%emt 0:00:01] Pokerpapi gibt auf (Lag: Av=0.40s, max=0.6s)} 1-0

[Event "146 Stay Safe Play From Home series"]
[Site "T#646011Emanuel Laske"]
[Date "2020.05.13"]
[Round "7"]
[White "Ionutn28"]
[Black "SoulofWolf"]
[Result "0-1"]
[WhiteElo "1804"]
[BlackElo "2074"]
[Annotator "TA"]
[PlyCount "60"]
[EventDate "2020.05.13"]
[EventType "swiss (blitz)"]

{[%evp 17,60,0,0,-5,0,-20,-4,-13,29,7,1,-4,-8,0,0,0,0,-416,-400,-501,-500,-506,-504,-541,-533,-578,-545,-523,-516,-727,-491,-750,-554,-572,-562,-626,-605,-617,-596,-879,-876,-1981,-1511,-5223,-1495]} 1. e4 c5 2. c3 Nc6 3. d4 cxd4 4. cxd4 e6 5. Nf3 d5 6. exd5 exd5 7. Nc3 Be7 8. Be2 Nf6 9. O-O O-O 10. h3 {B14: Caro-Kann: Panov-Botvinnik Attack with 5...e6 and 5...g6.} Bf5 11. a3 {[#]} h6 $146 ({Predecessor:} 11... Ne4 12. Bd2 Bf6 13. Be3 Rc8 14. Rc1 Re8 15. Re1 Qd7 16. Bf1 h6 17. Qb3 Nxc3 18. Rxc3 Be4 {0-1 (49) Ebert,W (2270)-Boricsev,O (2345) Gyongyos 1994}) 12. Bd3 {The position is equal.} Qd7 13. Bf4 Ne4 14. Re1 {[%cal Rd3e4]} Nxc3 15. bxc3 Bf6 16. Bxf5 Qxf5 17. Ne5 $2 {[%mdl 8192] [#]} (17. Be5 $11 {and White is okay.}) 17... Qxf4 $19 18. Nxc6 bxc6 {Black is clearly winning.} 19. Re3 Qd6 20. Rg3 c5 21. Qg4 Qe6 22. Qf4 Kh8 23. dxc5 Rac8 {...Be5 is the strong threat.} 24. Rd1 (24. Qb4 $142) 24... Rxc5 25. Re3 Qc6 26. h4 Rxc3 27. Rxc3 Qxc3 28. h5 d4 29. Rf1 d3 30. g4 d2 {Accuracy: White = 48%, Black = 73%.} 0-1

[Event "146 Stay Safe Play From Home series"]
[Site "T#646011Emanuel Laske"]
[Date "2020.05.13"]
[Round "7"]
[White "Lucknow"]
[Black "Greblah"]
[Result "1/2-1/2"]
[WhiteElo "1760"]
[BlackElo "1892"]
[Annotator "NA"]
[PlyCount "129"]
[EventDate "2020.05.13"]
[EventType "swiss (blitz)"]

1. d4 {[%emt 0:00:01]} c6 {[%emt 0:00:00]} 2. c4 {[%emt 0:00:01]} d5 {[%emt 0:00:00]} 3. e3 {[%emt 0:00:00]} Nf6 {[%emt 0:00:01]} 4. Nf3 {[%emt 0:00:00]} g6 {[%emt 0:00:00]} 5. Bd3 {[%emt 0:00:00]} Bg7 {[%emt 0:00:00]} 6. Nc3 {[%emt 0:00:00]} Bg4 {[%emt 0:00:01]} 7. O-O {[%emt 0:00:01]} Bxf3 {[%emt 0:00:00]} 8. Qxf3 {[%emt 0:00:02]} O-O {[%emt 0:00:01]} 9. e4 {[%emt 0:00:00]} dxe4 {[%emt 0:00:01]} 10. Nxe4 {[%emt 0:00:01]} Nxe4 {[%emt 0:00:00]} 11. Qxe4 {[%emt 0:00:02]} Nd7 {[%emt 0:00:00]} 12. Be3 {[%emt 0:00:02]} Nf6 {[%emt 0:00:00]} 13. Qf3 {[%emt 0:00:01]} e6 {[%emt 0:00:01]} 14. Qe2 {[%emt 0:00:01]} Nd7 {[%emt 0:00:02]} 15. Rad1 {[%emt 0:00:02]} Rc8 {[%emt 0:00:02]} 16. Bb1 {[%emt 0:00:01]} Qa5 {[%emt 0:00:01]} 17. b3 {[%emt 0:00:01]} Qh5 {[%emt 0:00:02]} 18. Qxh5 {[%emt 0:00:02]} gxh5 {[%emt 0:00:00]} 19. Rfe1 {[%emt 0:00:00]} f5 {[%emt 0:00:01]} 20. f3 {[%emt 0:00:02]} Rce8 {[%emt 0:00:01]} 21. Bf2 {[%emt 0:00:01]} Bf6 {[%emt 0:00:01]} 22. Re2 {[%emt 0:00:01]} Kf7 {[%emt 0:00:02]} 23. Rde1 {[%emt 0:00:01]} Rg8 {[%emt 0:00:02]} 24. Bd3 {[%emt 0:00:01]} Nf8 {[%emt 0:00:01]} 25. Kh1 {[%emt 0:00:01]} h4 {[%emt 0:00:02]} 26. g3 {[%emt 0:00:02]} hxg3 {[%emt 0:00:01]} 27. Bxg3 {[%emt 0:00:00]} h5 {[%emt 0:00:01]} 28. Be5 {[%emt 0:00:01]} Bxe5 {[%emt 0:00:01]} 29. Rxe5 {[%emt 0:00:00]} Ng6 {[%emt 0:00:03]} 30. R5e2 {[%emt 0:00:02]} Nf4 {[%emt 0:00:01]} 31. Re3 {[%emt 0:00:01]} Nxd3 {[%emt 0:00:01]} 32. Rxd3 {[%emt 0:00:00]} Rg6 {[%emt 0:00:01]} 33. Rde3 {[%emt 0:00:01]} Reg8 {[%emt 0:00:01]} 34. d5 {[%emt 0:00:01]} cxd5 {[%emt 0:00:01]} 35. cxd5 {[%emt 0:00:01]} exd5 {[%emt 0:00:00]} 36. Re7+ {[%emt 0:00:01]} Kf6 {[%emt 0:00:00]} 37. Rxb7 {[%emt 0:00:01]} Kg5 {[%emt 0:00:02]} 38. Rxa7 {[%emt 0:00:01]} Kf4 {[%emt 0:00:01]} 39. Ra5 {[%emt 0:00:01]} Rd8 {[%emt 0:00:02]} 40. Ra4+ {[%emt 0:00:02]} Kxf3 {[%emt 0:00:01]} 41. Rf1+ {[%emt 0:00:01]} Ke2 {[%emt 0:00:01]} 42. Rxf5 {[%emt 0:00:01]} d4 {[%emt 0:00:00]} 43. Raa5 {[%emt 0:00:03]} d3 {[%emt 0:00:01]} 44. Rae5+ {[%emt 0:00:01]} Kd1 {[%emt 0:00:01]} 45. Rd5 {[%emt 0:00:01]} d2 {[%emt 0:00:01]} 46. Rxd8 {[%emt 0:00:02]} Kc1 {[%emt 0:00:02]} 47. Rxd2 {[%emt 0:00:00]} Kxd2 {[%emt 0:00:01]} 48. Rf1 {[%emt 0:00:01]} Ra6 {[%emt 0:00:01]} 49. Rf2+ {[%emt 0:00:01]} Ke3 {[%emt 0:00:01]} 50. Kg2 {[%emt 0:00:00]} Rc6 {[%emt 0:00:01]} 51. Kg3 {[%emt 0:00:01]} Rg6+ {[%emt 0:00:00]} 52. Kh3 {[%emt 0:00:01]} Rg5 {[%emt 0:00:01]} 53. Kh4 {[%emt 0:00:00]} Rg4+ {[%emt 0:00:02]} 54. Kxh5 {[%emt 0:00:01]} Rd4 {[%emt 0:00:01]} 55. Rg2 {[%emt 0:00:01]} Kf3 {[%emt 0:00:01]} 56. Rg5 {[%emt 0:00:00]} Rd2 {[%emt 0:00:01]} 57. Kg6 {[%emt 0:00:00]} Rxh2 {[%emt 0:00:01]} 58. Rf5+ {[%emt 0:00:00]} Ke4 {[%emt 0:00:01]} 59. Kf6 {[%emt 0:00:00]} Rxa2 {[%emt 0:00:01]} 60. Ra5 {[%emt 0:00:00]} Rxa5 {[%emt 0:00:01]} 61. b4 {[%emt 0:00:00]} Rb5 {[%emt 0:00:00]} 62. Kg6 {[%emt 0:00:02]} Rxb4 {[%emt 0:00:00]} 63. Kg7 {[%emt 0:00:00]} Rb5 {[%emt 0:00:00]} 64. Kf7 {[%emt 0:00:00]} Rb6 {[%emt 0:00:01]} 65. Ke7 {[%emt 0:00:00] Zeit (Lag: Av=0.34s, max=0.6s)} 1/2-1/2

[Event "146 Stay Safe Play From Home series"]
[Site "T#646011Emanuel Laske"]
[Date "2020.05.13"]
[Round "7"]
[White "Trotsky"]
[Black "Matanant"]
[Result "1-0"]
[WhiteElo "1545"]
[BlackElo "1596"]
[Annotator "NA"]
[PlyCount "55"]
[EventDate "2020.05.13"]
[EventType "swiss (blitz)"]

1. d4 {[%emt 0:00:08]} e6 {[%emt 0:00:01]} 2. e3 {[%emt 0:00:01]} f5 {[%emt 0:00:00]} 3. c4 {[%emt 0:00:01]} Nf6 {[%emt 0:00:00]} 4. Nc3 {[%emt 0:00:01]} Bb4 {[%emt 0:00:02]} 5. Bd3 {[%emt 0:00:01]} d5 {[%emt 0:00:01]} 6. Qc2 {[%emt 0:00:01]} dxc4 {[%emt 0:00:01]} 7. Bxc4 {[%emt 0:00:01]} Ne4 {[%emt 0:00:01]} 8. Bd3 {[%emt 0:00:02]} Bxc3+ {[%emt 0:00:05]} 9. bxc3 {[%emt 0:00:01]} Nd6 {[%emt 0:00:00]} 10. Nf3 {[%emt 0:00:01]} O-O {[%emt 0:00:02]} 11. Bd2 {[%emt 0:00:01]} Nc6 {[%emt 0:00:02]} 12. h4 {[%emt 0:00:01]} Ne7 {[%emt 0:00:02]} 13. g4 {[%emt 0:00:01]} Bd7 {[%emt 0:00:03]} 14. O-O-O {[%emt 0:00:03]} b6 {[%emt 0:00:02]} 15. e4 {[%emt 0:00:01]} fxe4 {[%emt 0:00:02]} 16. Bxe4 {[%emt 0:00:01]} Nxe4 {[%emt 0:00:01]} 17. Qxe4 {[%emt 0:00:01]} Nd5 {[%emt 0:00:03]} 18. Ng5 {[%emt 0:00:02]} g6 {[%emt 0:00:02]} 19. h5 {[%emt 0:00:02]} Qe8 {[%emt 0:00:03]} 20. hxg6 {[%emt 0:00:03]} hxg6 {[%emt 0:00:01]} 21. Rh7 {[%emt 0:00:02]} c5 {[%emt 0:00:04]} 22. Rdh1 {[%emt 0:00:01]} Nf6 {[%emt 0:00:08]} 23. Rh8+ {[%emt 0:00:04]} Kg7 {[%emt 0:00:03]} 24. Rxf8 {[%emt 0:00:13]} Qxf8 {[%emt 0:00:02]} 25. Nf3 {[%emt 0:00:03]} Qd6 {[%emt 0:00:03]} 26. Bh6+ {[%emt 0:00:01]} Kf7 {[%emt 0:00:02]} 27. Ne5+ {[%emt 0:00:01]} Ke7 {[%emt 0:00:02]} 28. Qxg6 {[%emt 0:00:01] Time (Lag: Av=0.45s, max=0.9s)} 1-0

[Event "146 Stay Safe Play From Home series"]
[Site "T#646011Emanuel Laske"]
[Date "2020.05.13"]
[Round "8"]
[White "Lamborghini"]
[Black "rohit2007"]
[Result "1-0"]
[WhiteElo "2345"]
[BlackElo "2274"]
[Annotator "TA"]
[PlyCount "37"]
[EventDate "2020.05.13"]
[EventType "swiss (blitz)"]

{[%evp 20,36,20,18,182,182,136,-116,396,407,926,537,570,295,280,246,29993,29994,29999]} 1. e4 c5 2. Nf3 d6 3. d4 cxd4 4. Nxd4 Nf6 5. Nc3 a6 6. Bg5 e6 7. f4 Be7 8. Qf3 Qc7 9. O-O-O Nbd7 10. Bd3 {was the old line (10.g4).} b5 11. Rhe1 b4 $2 {B99: Sicilian Najdorf: 6 Bg5 e6 7 f4 Be7 8 Qf3 Qc7 9 0-0-0 Nbd7.} (11... Bb7 $11 {and Black has nothing to worry.}) 12. Nd5 $1 $18 {[%cal Rd5c7]} exd5 {[#]} 13. exd5 $2 {[%mdl 8192] [#]} (13. Nf5 $1 $16 Nc5 14. Nxe7) 13... Bb7 $2 {[%mdl 8192]} (13... Kf8 $1 $17 {and life is bright. Strongly threatening ...Nc5.} 14. Nf5 (14. Rxe7 $2 Kxe7 15. Re1+ Kf8 $19) 14... Bd8) 14. Nf5 $1 {[%csl LRe7,LRg7][%mdl 64] [#] Double Attack} O-O $146 (14... O-O-O $142 15. Rxe7 Kb8 16. Bxf6 gxf6 17. Rxf7 Qb6) ({Predecessor:} 14... Bxd5 15. Rxe7+ Kd8 16. Be4 Rc8 17. Bxf6 Bxe4 18. Qxe4 Nxf6 19. Qd3 Nd7 20. Rxf7 d5 {1-0 (29) Bapst,V (1702)-Roques,O (1855) Aix les Bains 2009}) 15. Nxe7+ Kh8 16. Nf5 Bxd5 17. Qg3 {White wants to mate with Bxf6.} Rac8 $2 (17... Rg8 $18 18. Qh4 Be6 19. Nxg7 {[%mdl 64] Remove Defender} Rxg7) 18. Bxf6 {[%csl Gf5,Gf6][%cal Rg3g7]} Rfe8 19. Qxg7# {Accuracy: White = 35%, Black = 14%.} 1-0

[Event "146 Stay Safe Play From Home series"]
[Site "T#646011Emanuel Laske"]
[Date "2020.05.13"]
[Round "8"]
[White "Tolka"]
[Black "Mepe_Nika"]
[Result "0-1"]
[WhiteElo "2234"]
[BlackElo "2259"]
[Annotator "TA"]
[PlyCount "96"]
[EventDate "2020.05.13"]
[EventType "swiss (blitz)"]

{[%evp 15,96,0,0,0,16,0,14,0,26,0,0,-6,21,6,0,0,0,0,29,37,100,-40,-51,-41,-34,-118,-16,-36,-48,-60,-53,-98,0,-64,0,-101,-98,-108,-92,-152,-115,-110,-59,-152,-54,-41,0,0,0,0,2,0,16,22,57,27,34,-82,0,0,122,116,768,753,702,655,623,343,608,338,333,314,381,346,539,-1154,-1305,-1256,-769,-1239,-1246,-1195,-1153]} 1. d3 e5 2. Nf3 Nc6 3. Nbd2 Nf6 4. e4 d5 5. Be2 dxe4 6. dxe4 Bc5 7. c3 O-O 8. O-O a5 9. Qc2 {[#] C44: Ponziani Opening and Scotch Gambit.} Be6 $146 ({Predecessor:} 9... Qe7 10. Nc4 h6 11. Ne3 Be6 12. Bb5 Na7 13. Bd3 Nc6 14. Bb5 Na7 15. Be2 Nc6 16. h3 Rfd8 17. Re1 Ba7 {0-1 (35) Poobalasingam,P (2223)-Cooper,L (2341) Reading 2017}) 10. a4 h6 11. Bc4 {The position is equal.} Qc8 12. Bxe6 Qxe6 13. h3 Bb6 14. Re1 Nh5 $36 {[%mdl 2048] Black fights for an advantage.} 15. Qb3 Nf4 {aiming for ...Qg6!} 16. Qxe6 Nxe6 (16... fxe6 {feels hotter.} 17. Nc4 Nxh3+ 18. gxh3 Rxf3 19. Nxb6 cxb6 20. Re3 Rf4) 17. Nc4 f6 (17... Ba7 $14) 18. Be3 (18. Nxb6 $16 cxb6 19. Be3) 18... Bxe3 $15 19. Nxe3 Rad8 20. Red1 {[#]} (20. Nh4 $15) 20... b6 (20... Rxd1+ $1 $17 21. Rxd1 Nc5) 21. Nd5 Kf7 22. g3 Ne7 23. Ne3 Nc6 24. Nd5 Ne7 (24... Rd7 $15 25. b4 Rfd8) 25. Nxe7 (25. Ne3 $1 $11) 25... Kxe7 26. Nh4 {Threatens to win with Ng6+.} Kf7 27. Nf5 (27. f3 $142) 27... Nc5 28. f3 {[#]} h5 (28... Nb3 $1 $17 {[%cal Rb3a1]} 29. Rxd8 Rxd8) 29. Kf2 (29. Rd5 $15) 29... g6 (29... Nd3+ $17 30. Ke2 Nxb2 {[%mdl 64] Discovered Attack} 31. Rxd8 Rxd8) 30. Ne3 $1 c6 31. Ke2 Ke6 32. Nc4 Rxd1 33. Kxd1 $11 {[%mdl 4096] Endgame KRN-KRN} Rd8+ 34. Kc2 Nd7 35. Rd1 {Strongly threatening Rd6+.} Ke7 36. Nd6 (36. h4 $14 {stays ahead.}) 36... Rb8 ({Better is} 36... Nc5 $17 37. Nc4 Rxd1 38. Kxd1 Nxa4) 37. Nc4 b5 (37... Rd8 $11) 38. Nxa5 $16 bxa4 $2 {[%mdl 8192]} (38... Rb6 $16) 39. Nxc6+ $18 {[%mdl 64] Double Attack} Ke6 40. Rxd7 {KRN-KR} Rc8 41. Re7+ Kd6 42. Rf7 Kxc6 43. Rxf6+ {KR-KR} Kb5 44. Rxg6 a3 (44... Rf8 $142 45. Rg5 Rxf3 46. Rxe5+ Kb6) 45. Rg5 $4 {[%mdl 8192]} (45. bxa3 $18 Rf8 46. Kb3) 45... a2 $19 {Black is clearly winning.} 46. Rxe5+ Ka6 47. Re6+ Ka7 48. Re7+ Ka8 {Quite a comeback for Black. Accuracy: White = 55%, Black = 38%.} 0-1